(A) textbook of physical chemistry (Record no. 373)

MARC details
000 -LEADER
Fixed length control field 00444nam a2200169 4500
003 - CONTROL NUMBER IDENTIFIER
Control field SEACOMEC
005 - DATE AND TIME OF LATEST TRANSACTION
Control field 20231229153634.0
008 - FIXED-LENGTH DATA ELEMENTS--GENERAL INFORMATION
Fixed length control field 231229b |||||||| |||| 00| 0 eng d
020 ## - INTERNATIONAL STANDARD BOOK NUMBER / ISBN
Price Rs.225.00
040 ## - CATALOGING SOURCE
Original cataloging agency SEACOMEC
082 ## - DEWEY DECIMAL CLASSIFICATION NUMBER
Classification number 541
Book Number N384
100 ## - MAIN ENTRY--PERSONAL NAME
Personal name Negi,A.S.
245 1# - TITLE STATEMENT
Title (A) textbook of physical chemistry
Statement of responsibility A.S. Negi,S.C.Anannd
260 ## - IMPRINT
Place of publication New Delhi
Name of publisher New Age
Date of publication 2005
650 ## - SUBJECT ADDED ENTRY--TOPICAL TERM
Topical term Natural sciences,Physical chemistry
942 ## - ADDED ENTRY ELEMENTS (KOHA)
Koha item type Books
Holdings
Withdrawn status Lost status Source of classification Damaged status Not for loan Home library Current library Date acquired Total Checkouts Call number Accession number Date last seen Price effective from Koha item type Copy number
    Dewey Decimal Classification     SEACOM ENGINEERING COLLEGE SEACOM ENGINEERING COLLEGE 03/06/2006   541 N384 01006 30/09/2024 30/09/2024 Books  
    Dewey Decimal Classification     SEACOM ENGINEERING COLLEGE SEACOM ENGINEERING COLLEGE 03/06/2006   541 N384 01007 30/09/2024 30/09/2024 Books 1
    Dewey Decimal Classification     SEACOM ENGINEERING COLLEGE SEACOM ENGINEERING COLLEGE 03/06/2006   541 N384 01008 30/09/2024 30/09/2024 Books 2
    Dewey Decimal Classification     SEACOM ENGINEERING COLLEGE SEACOM ENGINEERING COLLEGE 03/06/2006   541 N384 01009 30/09/2024 30/09/2024 Books 3
    Dewey Decimal Classification     SEACOM ENGINEERING COLLEGE SEACOM ENGINEERING COLLEGE 03/06/2006   541 N384 01010 30/09/2024 30/09/2024 Books 4
    Dewey Decimal Classification     SEACOM ENGINEERING COLLEGE SEACOM ENGINEERING COLLEGE 03/06/2006   541 N384 01011 30/09/2024 30/09/2024 Books 5
    Dewey Decimal Classification     SEACOM ENGINEERING COLLEGE SEACOM ENGINEERING COLLEGE 03/06/2006   541 N384 01012 30/09/2024 30/09/2024 Books 6
    Dewey Decimal Classification     SEACOM ENGINEERING COLLEGE SEACOM ENGINEERING COLLEGE 03/06/2006   541 N384 01013 30/09/2024 30/09/2024 Books 7
    Dewey Decimal Classification     SEACOM ENGINEERING COLLEGE SEACOM ENGINEERING COLLEGE 03/06/2006   541 N384 01014 30/09/2024 30/09/2024 Books 8
    Dewey Decimal Classification     SEACOM ENGINEERING COLLEGE SEACOM ENGINEERING COLLEGE 03/06/2006   541 N384 01015 30/09/2024 30/09/2024 Books 9
© Seacom Engineering College, All rights reserved.      Powered by Koha